[Event "Graz zt"]
[Site "Graz"]
[Date "1993.??.??"]
[Round "7"]
[White "Lau, Ralf"]
[Black "Boensch, Uwe"]
[Result "0-1"]
[WhiteElo "2530"]
[BlackElo "2490"]
[Annotator "Boensch,U"]
[PlyCount "106"]
[EventDate "1993.03.??"]
[EventType "tourn"]
[EventRounds "13"]
[EventCountry "AUT"]
[EventCategory "8"]
[SourceTitle "CBM 035"]
[Source "ChessBase"]
[SourceDate "1993.08.01"]
[SourceVersion "1"]
[SourceVersionDate "1993.08.01"]
[SourceQuality "1"]

1. e4 c5 2. Nf3 d6 3. d4 cxd4 4. Nxd4 Nf6 5. Nc3 a6 6. f4 Nbd7 7. Be2 g6 8. O-O
(8. Nf3 Qc7 9. a4 Bg7 10. Qd4 O-O (10... e5 $5) 11. e5 Ne8 12. Nd5 Qd8 13. Be3
Nc7 14. Rd1 Ne6 15. Qb4 $16 {Polgar,Zso-Gallagher,J Hastings op 1993 1-0 38}) (
8. Nb3 Bg7 9. g4 O-O 10. g5 Ne8 11. h4 b5 12. h5 Nc7 13. Bf3 b4 14. Na4 a5 15.
Qe2 Re8 16. hxg6 hxg6 17. Be3 Ne6 18. O-O-O Bb7 19. Rh3 $16 {Ivanovic,
B-Ilincic,Z Bor 1986 1-0 60}) (8. g4 h6 9. f5 Nc5 10. Bf3 e5 11. Nb3 gxf5 12.
exf5 e4 13. Bg2 Nxb3 14. axb3 Rg8 15. h3 Bxf5 $13 {Beliavsky,A-Ljubojevic,L
Bugojno 1984 1/2 24}) 8... Bg7 9. Kh1 (9. Be3 O-O 10. Qd2 Qc7 11. a4 Nc5 12.
Bf3 Bg4 13. Nd5 Nxd5 14. exd5 Bxf3 15. Rxf3 Rac8 $10 {Nunn,J-Ljubojevic,L
London 1982 0-1 46}) (9. a4 O-O 10. Kh1 Qc7 11. Bf3 Re8 $146 12. Nb3 Nb6 13.
Qe1 Nc4 14. Be2 b6 15. Bd3 Bb7 16. Qe2 Rec8 $15 {Anand,V-Ivanchuk,V Linares m6
1992 1/2 46}) 9... O-O 10. Bf3 (10. a4 Qc7 11. Be3 Re8 12. Bf3 Nb6 $6 (12... e5
$5 $10) 13. e5 dxe5 14. Ndb5 axb5 15. Nxb5 Qd7 16. Bxb6 Rxa4 17. Qxd7 Bxd7 18.
Nc7 Rc8 19. fxe5 Ne8 $14 {Glek,I-Kupreichik,V URS-OT56 Blagoveshchensk 1988 1/
2 45}) 10... Qc7 11. g4 $146 (11. a4 e5 12. Nb3 exf4 13. Bxf4 Ne5 14. Be2 Be6
15. Nd4 Rae8 $10 {Lukin,A-Kuczynski,R Groningen op (8) 1991 1/2 21}) 11... e5 (
11... e6 $2 12. g5 Ne8 13. f5 $16) 12. Nde2 (12. Nb3 $6 exf4 13. g5 Ne8 14. Nd5
Qd8 $15) 12... exf4 13. g5 Ne8 14. Nxf4 Ne5 15. Nfd5 Qd8 16. Bg2 Be6 (16... b5
17. a4 Rb8 18. axb5 axb5 19. Nb4 $14) 17. a4 Rc8 18. Ra3 $1 Nc4 19. Rb3 Na5 20.
Rb4 (20. Ra3 Nc4 21. Rb3 Na5 $10) 20... Rc4 21. Rxc4 Nxc4 22. Qf3 Ne5 23. Qg3
f6 $1 $10 24. h4 (24. gxf6 Nxf6 25. Bg5 Nh5 $10) 24... fxg5 25. Rxf8+ Bxf8 26.
hxg5 Bg7 27. Bh3 $6 Qd7 28. Bxe6+ Qxe6 29. Kg2 Nc6 $1 $15 30. Qh3 Qxh3+ 31.
Kxh3 Nd4 32. Ne3 Nc7 33. Kg3 (33. Kg4 h5+ 34. gxh6 Bxh6 $19) 33... Be5+ 34. Kg4
Nce6 35. Bd2 Kf7 $2 (35... Nxg5 $1 36. Kxg5 Nf3+ 37. Kg4 Nxd2 $19) 36. Nc4 Nxc2
37. Nxe5+ dxe5 38. a5 Nc5 39. Kf3 Nb3 40. Nb1 Ncd4+ 41. Ke3 Nc6 42. Bc3 Nbxa5
$19 43. Nd2 b5 44. b3 Ke6 45. Kd3 Nb7 46. b4 a5 47. bxa5 Nc5+ 48. Kc2 b4 49.
Bxb4 (49. Bb2 Nxa5 $19) 49... Nxb4+ 50. Kc3 Nc6 51. Kc4 Nxe4 (51... Kd6 52. Kb5
Nd7 53. Nc4+ Kc7 $19) 52. Nxe4 Nxa5+ 53. Kd3 Nb7 {Boensch} (53... Nb7 54. Ke3
Nd6 55. Ng3 (55. Nf6 h5 $19) 55... Nf7 56. Ne4 Kf5 $19) 0-1

[Event "Horgen CS"]
[Site "Horgen"]
[Date "1994.??.??"]
[Round "5"]
[White "Kasparov, Garry"]
[Black "Gelfand, Boris"]
[Result "1-0"]
[WhiteElo "2805"]
[BlackElo "2680"]
[Annotator "Boensch,U"]
[PlyCount "93"]
[EventDate "1994.09.??"]
[EventType "tourn"]
[EventRounds "11"]
[EventCountry "SUI"]
[EventCategory "16"]
[SourceTitle "CBM 043"]
[Source "ChessBase"]
[SourceDate "1994.12.01"]
[SourceVersion "1"]
[SourceVersionDate "1994.12.01"]
[SourceQuality "1"]

1. e4 c5 2. Nf3 d6 3. d4 cxd4 4. Nxd4 Nf6 5. Nc3 a6 6. f4 Nbd7 7. Be2 e5 8.
fxe5 (8. Nf5 Nc5 9. Ng3 Qb6 10. Rb1 Bd7 11. fxe5 dxe5 12. Be3 Qc6 $10 {Short,
N-Gelfand,B Tilburg (03) 1990 0-1 53}) 8... dxe5 (8... Nxe5 9. Bg5 Be7 10. Qd2
O-O 11. O-O Be6 12. Nf5 Bxf5 13. Rxf5 Rc8 14. Kh1 Qb6 15. Rb1 Ned7 $10 {
Polgar,J-Gelfand,B Munich 1991 1/2 51}) 9. Nf5 Qb6 $146 (9... Qc7 10. O-O Nc5
11. Ng3 Be6 12. Bg5 Ncd7 13. Nh5 Nxh5 14. Bxh5 Bc5+ 15. Kh1 Nb6 $10 {Wahls,
M-Gelfand,B Munich 1991 0-1 60}) 10. Nd5 Nxd5 11. Qxd5 Qc5 12. Qb3 Nf6 13. Bc4
Qb4+ 14. Qxb4 Bxb4+ 15. c3 Bf8 (15... Bxf5 16. exf5 Bc5 17. Bd2 $14 {^^}) 16.
Bd3 (16. Rf1 b5 (16... Be6 17. Bxe6 fxe6 $10) 17. Bb3 Bb7 $13) 16... Be6 17.
Rf1 O-O-O $10 18. Bc2 Ne8 $6 (18... Bc4 19. Rf3 Ng4 20. Ne3 Nxe3 21. Bxe3 $10)
19. Bb3 $1 $14 Rd7 20. Bg5 Bc5 (20... Bxf5 $2 21. exf5 Bc5 22. Rd1 $16) 21. Ke2
Bxb3 22. axb3 f6 23. Bc1 $1 Nd6 24. Nxd6+ Rxd6 25. b4 Ba7 (25... Bb6 26. b5 a5
$2 (26... Bc7 27. bxa6 bxa6 28. Be3 $16) 27. b4 $18) 26. b5 Rhd8 27. Ra2 $1 Kb8
28. bxa6 bxa6 29. b3 Kb7 30. Rd2 Kc6 31. Rxd6+ Rxd6 32. g4 $16 Rd7 33. Bd2 Bb6
34. Ra1 Kb7 35. h4 Rd8 36. h5 Rd6 37. Be1 Bc7 38. b4 Bb6 39. Ra2 Rc6 40. Ra1
Rd6 41. Bd2 Rd7 42. Rf1 Kc6 (42... a5 43. b5 $16) (42... h6 $16) 43. c4 $3 Bd4
(43... Rd4 44. h6 $3 Rxe4+ (44... gxh6 45. Rxf6+ Kb7 46. Be3 $18) 45. Kf3 Rd4
46. hxg7 Rd8 47. Ke4 $18) 44. h6 $1 $18 Kb7 45. c5 a5 46. Rc1 Rc7 (46... Kc6
47. b5+ Kxb5 48. c6 Rc7 49. hxg7 $18) 47. c6+ $1 (47. c6+ Kc8 (47... Ka6 48.
hxg7 $18) 48. b5 Bb6 49. Bxa5 Bxa5 50. Ra1 $18) 1-0

[Event "Protvino zt"]
[Site "Protvino"]
[Date "1993.??.??"]
[Round "?"]
[White "Minasian, Artashes"]
[Black "Anastasian, Ashot"]
[Result "0-1"]
[WhiteElo "2545"]
[BlackElo "2470"]
[Annotator "Boensch,U"]
[PlyCount "56"]
[EventDate "1993.03.??"]
[EventType "tourn"]
[EventRounds "9"]
[EventCountry "RUS"]
[EventCategory "10"]
[SourceTitle "CBM 035"]
[Source "ChessBase"]
[SourceDate "1993.08.01"]
[SourceVersion "1"]
[SourceVersionDate "1993.08.01"]
[SourceQuality "1"]

1. e4 c5 2. Nf3 d6 3. d4 cxd4 4. Nxd4 Nf6 5. Nc3 a6 6. f4 g6 7. e5 (7. Nf3 Bg7
8. Bd3 (8. e5 $5) 8... O-O 9. O-O b5 $1 10. a3 Bb7 11. Qe1 Nbd7 12. Qh4 a5 13.
f5 b4 $17 {Adams,M-Georgiev,Kir Tilburg 1992 1/2 81}) 7... dxe5 8. fxe5 Ng4 9.
e6 f5 10. Bc4 (10. h3 Ne5 11. Be3 Nbc6 12. Nxf5 (12. Nxc6 $5) 12... Bxe6 (12...
Qxd1+ $2 13. Rxd1 gxf5 14. Nd5 $18) (12... gxf5 13. Qh5+ Ng6 14. Qxf5 $40) 13.
Nd4 Bf7 14. Nxc6 Nxc6 15. Qxd8+ Rxd8 $15 {Bronstein,D-Tukmakov,V URS-39ch
Leningrad 1971 0-1 41}) (10. Bf4 $2 Bg7 11. Nb3 Qb6 12. Qd2 Bxe6 13. O-O-O Nc6
14. h3 Rd8 15. Bd3 Nge5 16. Na4 Nxd3+ $19 {Knox,D-Watson,W BCF-ch 1988 0-1 23})
10... Bg7 11. Nd5 $146 (11. Nce2 Nc6 12. Nxc6 Qxd1+ 13. Kxd1 bxc6 14. Ke1 Rb8
$15 {Honfi,K-Barczay,L Bari 1970 -ECO}) 11... Nc6 12. Bf4 (12. Nxc6 bxc6 13.
Ne3 Qxd1+ 14. Nxd1 $17) 12... Nxd4 13. Nc7+ Kf8 14. Nxa8 b5 15. Be2 (15. Bc7
Qe8 16. Bd5 Ne3 $19) 15... Qd5 $1 16. O-O (16. Bf3 Qxe6+ 17. Kf1 Qc4+ $19)
16... Bb7 17. Bf3 $8 Nxf3+ 18. gxf3 Bd4+ 19. Kg2 Bxa8 $19 20. c3 Ne3+ 21. Bxe3
Bxe3 22. Qxd5 Bxd5 23. a4 Kg7 24. axb5 axb5 25. Ra6 g5 26. Rd1 Bb7 27. Ra5 g4
28. Rd7 Bxf3+ {Boensch} (28... Bxf3+ 29. Kf1 Kf6 30. Rxb5 Ra8 $19) 0-1

[Event "Odorheiu Secuiesc zt"]
[Site "Odorheiu Secuiesc"]
[Date "1995.??.??"]
[Round "4"]
[White "Mrva, Martin"]
[Black "Jirovsky, Milos"]
[Result "1-0"]
[WhiteElo "2400"]
[BlackElo "2425"]
[Annotator "Boensch,U"]
[PlyCount "43"]
[EventDate "1995.03.??"]
[EventType "swiss"]
[EventRounds "9"]
[EventCountry "ROU"]
[SourceTitle "CBM 047"]
[Source "ChessBase"]
[SourceDate "1995.08.01"]
[SourceVersion "1"]
[SourceVersionDate "1995.08.01"]
[SourceQuality "1"]

1. e4 {Ftacnik Donev} c5 2. Nf3 d6 3. d4 cxd4 4. Nxd4 Nf6 5. Nc3 g6 6. f4 Nbd7
(6... Nc6 7. Nf3 (7. Nxc6 bxc6 8. e5 Nd7 9. Bc4 Nb6 $10 10. exd6 Qxd6 11. Bd3
f5 $6 12. O-O Bg7 13. Qf3 Be6 14. Be3 Nd5 15. Nxd5 Bxd5 16. Qf2 Bxb2 17. Bc5
Qf6 18. Rae1 O-O 19. c4 $1 $16 {Ankerst,M-Cirkvencic,F Bled op 1992 1-0 42})
7... Bg7 8. Bd3 Qb6 9. Qe2 O-O 10. Nd1 e5 11. Be3 Nd4 12. Qd2 Ng4 13. Bxd4 exd4
14. O-O Bd7 15. Re1 Rfe8 16. h3 Nf6 17. Qf2 Bc6 18. b3 Nxe4 19. Bxe4 Bxe4 {
0-1 Minasian,A-Komljenovic,D Oviedo 25' (11) 1993}) 7. Nf3 (7. Be2 Bg7 8. Be3
O-O 9. Nb3 a6 10. a4 b6 11. Bf3 Bb7 12. O-O Qc7 13. Qe2 Rac8 14. Nd2 Rfe8 15.
g4 e5 16. f5 d5 $132 {Kristiansen,E-Scholseth,T NOR-ch (7) 1992 1-0 35}) 7...
Qc7 {Donev: Gegen e5 gerichtet.} 8. Bd3 Bg7 9. O-O O-O 10. Qe1 {Donev: Mit
seinem letzten Zug zeigt Weiß seinen aggressiven Plan auf Königsflügel.Schwarz
muß jetzt mit den beiden Vorstößen e4-e5 und f4-f5 rechnen.Im Falle des
letzteren baut sich Weiß mit Qh4,Bh6, und Ng5 auf.Folgt dann noch fg6,der
Läufertausch auf g7 und das Qualitätsopfer auf f6,so ist die Katastrophe auf
h7 vorprogramiert.} a6 11. Kh1 (11. f5 {Donev} b5 12. Qh4 Nc5 13. Bh6 $40)
11... b5 $2 {Schwarz unterschätzt den Vorstoß e4-e5.} (11... e5 12. f5 gxf5 13.
exf5 d5 $132) 12. e5 $1 (12. Bd2 {Donev} Nc5 13. b4 Nxd3 14. cxd3 Bb7 15. Rc1
$10) 12... dxe5 (12... Ne8 {Donev} 13. Nd5 Qd8 14. exd6 Nxd6 (14... exd6 15.
Ne7+ Kh8 16. Be4 $18) 15. Bd2 a5 16. Nxe7+ Kh8 17. Bc3 $16) 13. fxe5 Ng4 (13...
Ne8 {Donev} 14. Nd5 Qd8 (14... Qc5 15. Be4 $1 $18 {/\Be3,Ne7}) 15. Bg5 $16) 14.
Nd5 (14. e6 $6 {Donev} Nc5 15. Qh4 Nxd3 16. cxd3 Bxe6 17. Ng5 h5 18. Nxe6 fxe6
19. Bg5 Rxf1+ 20. Rxf1 Rf8 $17 21. Rxf8+ Kxf8 22. Ne4 Bxb2 23. Bd2 Bf6 $19 24.
Qh3 Qe5 25. Qg3 Qxg3 26. Nxg3 Nf2+ 27. Kg1 Nxd3 28. Kf1 Kf7 29. Ne4 e5 30. g3
Nb2 31. Nc5 Nc4 32. Bc1 a5 33. Ke2 Nd6 34. Bd2 b4 35. Kd3 e4+ 36. Nxe4 Nxe4 37.
Kxe4 Ke6 {0-1 Andersson,U-Garcia,Rai/Skopje (ol) 14/439 1972}) 14... Qd8 (14...
Qc5 15. Be4 Bb7 (15... Ndxe5 16. Nxe7+ Qxe7 17. Bxa8 $16) (15... Rb8 16. b4 (
16. Qh4 Ndxe5 17. Nxe7+ Kh8 18. Bf4 $14) 16... Qc4 17. Bb2 Ndxe5 18. Nd2 $18)
16. Nxe7+ (16. b4 Qa7 17. Nxe7+ Kh8 $44) 16... Qxe7 17. Bxb7 Ra7 18. Bg5 Qe6
19. Be4 $14 {^^}) 15. Bg5 f6 (15... Re8 16. Qe4 $1 (16. Qh4 f6 17. exf6 Ndxf6
$13) (16. e6 {Donev} Ndf6 17. exf7+ Kxf7 18. Ne3 Nxe3 19. Qxe3 $14) 16... Bb7 (
16... Ndxe5 17. Nxe7+ Rxe7 18. Qxa8 (18. Bxe7 Bf5 19. Qb7 $18) 18... f6 19.
Nxe5 $18) (16... Bb7 17. Nxe7+ Qxe7 18. Qxb7 (18. Bxe7 Bxe4 19. Bxe4 Rac8 $10)
18... Qe6 $14)) 16. exf6 exf6 (16... Bxf6 17. Qe6+ (17. Nxe7+ {Donev} Kg7 (
17... Kh8 18. Nxg6+ hxg6 19. Qh4+ $18) 18. Qe4 $18) 17... Kg7 18. Qxg4 Nb6 19.
Bxf6+ exf6 20. Qd4 Nxd5 (20... Qxd5 21. Qxb6 $18) 21. Be4 Be6 22. Rad1 $18) 17.
Ne7+ Kf7 (17... Kh8 18. Nxg6+ hxg6 19. Qh4+ Kg8 20. Bxg6 $18 (20. Bxg6 {Donev}
Re8 (20... Rf7 21. Bxf7+ Kxf7 22. Qxg4 $18) 21. Qh7+ (21. Bxe8 {Ftacnik} Qxe8
22. Qxg4 Nf8 23. Qf4 fxg5 24. Nxg5 $16) 21... Kf8 22. Bxe8 Qxe8 23. Bf4 $18))
18. Bxf6 $3 Bxf6 (18... Ngxf6 19. Ng5+ Ke8 20. Nc6+ $18) (18... Kxf6 19. Nd4+
Kg5 20. Ne6+ Kh5 21. Nxd8 $18) (18... Bh6 19. Ng5+ (19. Bg5 $1 $18 {Donev})
19... Bxg5 20. Bxg5+ Ndf6 21. h3 Qxe7 22. hxg4 Qxe1 23. Raxe1 Kg7 24. Re7+ $18)
(18... Ndxf6 {Donev} 19. Ng5+ Ke8 20. Nc6+ $18) 19. Ng5+ Kg7 (19... Ke8 {Donev}
20. Nc6+ $18) 20. Ne6+ Kh8 21. Nxd8 Rxd8 22. h3 (22. h3 {Ftacnik} Nh6 (22...
Nge5 23. Rxf6 Nxd3 24. Qc3 $18) 23. Be4 $18) 1-0

[Event "Aruba"]
[Site "Aruba"]
[Date "1992.??.??"]
[Round "2"]
[White "Polgar, Judit"]
[Black "Pliester, Leon"]
[Result "1-0"]
[WhiteElo "2550"]
[BlackElo "2355"]
[Annotator "Boensch,U"]
[PlyCount "47"]
[EventDate "1992.03.??"]
[EventType "tourn"]
[EventRounds "9"]
[EventCountry "NAU"]
[EventCategory "11"]
[SourceTitle "CBM 030"]
[Source "ChessBase"]
[SourceDate "1992.10.01"]
[SourceVersion "1"]
[SourceVersionDate "1992.10.01"]
[SourceQuality "1"]

1. e4 {Polgar,J} c5 2. Nf3 d6 3. d4 cxd4 4. Nxd4 Nf6 5. Nc3 a6 6. f4 Nbd7 7.
Be2 e5 8. fxe5 (8. Nf5 Nc5 9. Ng3 Qb6 10. fxe5 dxe5 11. Rb1 Be6 12. Be3 Qc6 13.
O-O Ncxe4 14. Bf3 Bc5 $10 {Adams,M-Howell,J/Dublin Telecom/1991/1/2-1/2/26/})
8... Nxe5 (8... dxe5 9. Nf5 Qc7 (9... Qb6 $5) 10. O-O Nc5 11. Ng3 Be6 12. Bg5
Ncd7 (12... Be7 13. Bxf6 Bxf6 14. Nh5 $16) 13. Nh5 $2 (13. Kh1 $16) 13... Nxh5
14. Bxh5 Bc5+ 15. Kh1 Nb6 16. Bg4 O-O 17. Bxe6 fxe6 $10 {Wahls,M-Gelfand,B/
Munich (11)/1991/0-1/60/ -> CBM23 [Blatny,P]}) 9. Bg5 Be7 10. Qd2 O-O 11. O-O
h6 $2 (11... Be6 12. Nf5 Bxf5 13. Rxf5 Rc8 14. Kh1 Qb6 15. Rb1 Ned7 16. Bd3
Rfe8 17. Be3 Qd8 18. Rbf1 Ne5 19. Bd4 $14 {Polgar,J-Gelfand,B/Munich (07)/1991/
1/2-1/2/51/ -> CBM 23 [Polgar,J]}) (11... Be6 {Polgar,J Polgar,J-Gelfand,B/
Munich/1991/1/2-1/2/51/ -> CBM23 [Polgar,J]}) 12. Be3 Be6 13. Kh1 (13. Nf5 {
Polgar,J} Bxf5 14. Rxf5 Nfg4) 13... Rc8 14. Nf5 Bxf5 15. Rxf5 Re8 (15... Qd7
$32 {Polgar,J} 16. Raf1) 16. Raf1 Nh7 $2 17. Qd5 $1 Rc6 (17... Nf6 18. Qb3 $16)
(17... b5 {Polgar,J} 18. Qb7 $1) 18. Qb3 b5 19. Nd5 (19. a4 {Polgar,J}) 19...
Qa8 20. Rxf7 $3 Nxf7 21. Rxf7 Kxf7 (21... Bf8 22. Ra7 Qd8 23. Nf6+ Kh8 24. Qg8#
) (21... Bg5 22. Ra7 Qd8 23. Ne7+ Kf8 24. Ng6#) (21... Qd8 22. Nxe7+ Rxe7 23.
Rxe7+ $18) (21... Bd8 {Polgar,J} 22. Ra7 Qxa7 23. Ne7+ Kf8 24. Ng6#) 22. Nb6+
Kg6 (22... Kf8 23. Nd7#) (22... Kf6 23. Nd7+ Kg6 24. Bh5+ Kxh5 25. Qf7+ g6 26.
Qf3+ Kh4 27. Qh3#) 23. Bh5+ Kxh5 24. Qf7+ (24. Qf7+ Kh4 25. Bf2+ Kg5 26. Qf5#)
1-0

[Event "Amsterdam Euwe Memorial"]
[Site "Amsterdam"]
[Date "1994.05.16"]
[Round "4"]
[White "Ivanchuk, Vassily"]
[Black "Kasparov, Garry"]
[Result "1-0"]
[WhiteElo "2710"]
[BlackElo "2805"]
[Annotator "Boensch,U"]
[PlyCount "77"]
[EventDate "1994.05.12"]
[EventType "tourn"]
[EventRounds "6"]
[EventCountry "NED"]
[EventCategory "18"]
[SourceTitle "CBM 041"]
[Source "ChessBase"]
[SourceDate "1994.08.01"]
[SourceVersion "1"]
[SourceVersionDate "1994.08.01"]
[SourceQuality "1"]

1. e4 {Ftacnik} c5 2. Nf3 d6 3. d4 cxd4 4. Nxd4 Nf6 5. Nc3 a6 6. f4 Qc7 7. Qf3
$146 (7. a4) (7. Bd3) (7. Be2) (7. Nf3 Nbd7 (7... e6 8. a4 Be7 9. Bd3 Nbd7 10.
O-O b6 11. Qe1 Bb7 12. Kh1 Nc5 13. b4 Nxd3 14. cxd3 $14 {Polgar,J-Ljubojevic,L
Monaco blind (08) 1993 1/4 65}) 8. a4 g6 9. Bd3 Bg7 10. O-O b6 11. Qe1 Bb7 12.
e5 dxe5 13. fxe5 Ng4 14. e6 fxe6 15. Be4 Nc5 16. Bxb7 Qxb7 $10 {Kindermann,
S-Hoffmann,M Muenster (01) 9394 1993 1/4 23}) 7... g6 8. Be3 Bg7 9. h3 e5 $5 (
9... O-O {Ftacnik} 10. O-O-O e5 $13) 10. fxe5 dxe5 11. Bh6 $1 (11. Nb3 O-O $10)
11... Bxh6 $2 (11... O-O $4 12. Bxg7 Kxg7 13. Qxf6+ $1 Kxf6 14. Nd5+ Kg7 15.
Nxc7 $18) (11... Nh5 $1 {Ivanchuk} 12. Bxg7 Nxg7 13. Nd5 Qa5+ 14. b4 Qd8 15.
Nf6+ Kf8 16. Nb3 Nf5 $1 $13) 12. Qxf6 O-O 13. Nd5 Qa5+ 14. b4 Qd8 $2 (14... Bg7
15. bxa5 Bxf6 16. Nxf6+ Kg7 17. Nxh7 (17. Nd5 exd4 18. Nb6 Ra7 19. O-O-O Nc6
20. Be2 Be6) 17... Kxh7 18. Nf3 (18. Nb3 {Ftacnik} Nc6 19. Bc4 Be6 20. Bxe6
fxe6 21. O-O-O $16) 18... Nc6 19. Bc4 f6 20. Bd5 Nxa5 $14) 15. Ne7+ $18 Qxe7
16. Qxe7 exd4 17. Bc4 Nc6 18. Qc5 Be3 19. Rf1 Nd8 (19... a5 20. b5 Nb4 21. Qe7
$1 $18) 20. Rf3 $1 Be6 21. Rxe3 $1 dxe3 22. Bxe6 Nxe6 23. Qxe3 a5 24. b5 Rac8
25. O-O-O Rc5 26. Rd5 b6 (26... Rfc8 27. Rxc5 Rxc5 28. b6 $18) 27. Qg3 Rc7 (
27... Rfc8 28. Rxc5 Nxc5 29. Qd6 Na4 (29... Nxe4 {Ftacnik} 30. Qxb6 $18) 30. e5
$18) 28. Qd6 Rfc8 29. Rd2 Rb7 (29... Nc5 30. Qxb6 Nxe4 31. Rd8+ $18) 30. g4 Nc5
31. Qf6 h6 (31... Nxe4 32. Rd8+ Rxd8 33. Qxd8+ Kg7 34. Qd4+ Nf6 35. g5 $18) 32.
e5 Re8 33. h4 Kh7 (33... Ne4 34. Qc6 $18) 34. h5 g5 (34... Re6 35. hxg6+ fxg6
36. Qf8 Rxe5 37. Rd8 $18) 35. Rd6 Re6 36. Qd8 Kg7 (36... Rxe5 37. Rxh6+ Kxh6
38. Qh8#) 37. a3 a4 38. Kb2 $22 Rbe7 (38... Kh7 39. Rc6 $18 {/\ Rc8}) 39. Rxb6
(39. Rxb6 Rd7 (39... Rxb6 {Ftacnik} 40. Qxe7 Rxb5+ 41. Kc1 Ne6 42. Qf6+ Kg8 43.
Qxh6 Rxe5 44. Qf6 $18) 40. Qb8 $18) 1-0

[Event "Horgen-B"]
[Site "Horgen"]
[Date "1995.??.??"]
[Round "8"]
[White "Kindermann, Stefan"]
[Black "Forster, Richard"]
[Result "1-0"]
[WhiteElo "2565"]
[BlackElo "2370"]
[Annotator "Boensch,U"]
[PlyCount "73"]
[EventDate "1995.10.??"]
[EventType "tourn"]
[EventRounds "9"]
[EventCountry "SUI"]
[EventCategory "11"]
[SourceTitle "CBM 050"]
[Source "ChessBase"]
[SourceDate "1996.02.01"]
[SourceVersion "1"]
[SourceVersionDate "1996.02.01"]
[SourceQuality "1"]

1. e4 c5 2. Nf3 d6 3. d4 cxd4 4. Nxd4 Nf6 5. Nc3 a6 6. f4 Qc7 7. Nf3 Nbd7 8.
Bd3 g6 9. O-O Bg7 10. Qe1 (10. a4 b6 11. Qe2 Bb7 12. Bd2 Nc5 13. b4 Nxd3 14.
cxd3 O-O 15. Rac1 Qd8 $10 {Mortensen,E-Djurhuus,R Reykjavik zt (05) 1995 0-1
46 - CBM 47}) 10... b5 (10... e5 11. a4 b6 12. fxe5 dxe5 13. Qh4 Bb7 14. Kh1
O-O 15. Bh6 Rae8 16. Ng5 Nh5 17. Bxg7 Kxg7 18. g4 Nhf6 19. Nh3 Ng8 $10 {
Masserey,Y-Delchev,A WchJ-Mamaia 1991 0-1 34}) (10... O-O 11. Kh1 e6 12. Qh4 b5
13. Bd2 b4 14. Nd1 a5 15. a3 Bb7 16. Nf2 bxa3 17. Rxa3 Nc5 $10 {Mrva,M-Gross,S
CSR-ch (11) 1992 1-0 34}) 11. e5 (11. a3 Bb7 12. Kh1 Nc5 13. Bd2 e5 (13... O-O
14. Qh4 $2 Ncxe4 15. Nxe4 Bxe4 16. Bc3 Bxd3 17. cxd3 $17 {Sziebert,A-Gallagher,
J Bern op (05) 1995 0-1 28 - EXP 46}) 14. b4 Nxd3 15. cxd3 exf4 16. Rc1 Qe7 17.
Bxf4 O-O 18. Qh4 Qd7 19. Bg5 Ng4 20. h3 Ne5 $15 {Almasi,Z-Van Wely,L Horgen-B
CS (08) 1995 1/2 48 - CBM 50}) (11. Qh4 h6 12. Qe1 e5 13. fxe5 dxe5 14. b4 Bb7
15. a4 bxa4 16. Rxa4 O-O 17. Kh1 Nb6 18. Ra5 Nfd7 19. Nd5 Nxd5 20. exd5 f5 $132
{Grabarczyk,B-Kuczynski,R POL-ch (13) 1991 0-1 30}) (11. a4 b4 12. Nd1 a5 13.
e5 dxe5 14. fxe5 Nd5 15. e6 fxe6 16. Ng5 Ne5 17. Bb5+ Bd7 18. Kh1 Qd6 19. Bxd7+
Qxd7 20. Ne3 $44 {Schneider,L-Hedman,E SVE-ch Borlange (12) 1995 0-1 41 - EXP
49}) 11... dxe5 12. fxe5 Ng4 13. e6 fxe6 14. Qh4 Ngf6 (14... Nde5 15. Be4 Bb7
16. Nxe5 Nxe5 17. Bh6 $44) 15. Bh6 Bxh6 16. Qxh6 Qc5+ (16... Rf8 $2 17. Ng5 $16
) 17. Kh1 Qh5 18. Qxh5 gxh5 (18... Nxh5 19. Be4 Rb8 20. Ng5 Ne5 21. Rae1 $44)
19. Ng5 Bb7 $2 (19... Nc5 20. Rae1 $44) 20. Nxe6 Rg8 21. Rf2 Kf7 22. Re1 $16 b4
$2 (22... Rac8 23. a3 $16) 23. Ne4 Rg4 24. h3 Rh4 25. N6g5+ Kg8 26. Nxf6+ exf6
(26... Nxf6 27. Rxe7 $18) 27. Re7 Bc6 (27... fxg5 28. Rxd7 Bc6 29. Rc7 Be4 30.
Rff7 $18) 28. Nxh7 $18 Rxh3+ 29. Kg1 Rg3 30. Rxd7 $1 Bxd7 31. Nxf6+ Kh8 32.
Nxd7 Kg7 33. Ne5 Ra7 34. Rf5 Kh6 35. Kf2 Rg8 36. Be2 Rag7 $2 (36... Rg5 37.
Nf7+ $18) (36... Kg7 37. Rxh5 $18) 37. Rxh5# 1-0

[Event "Reykjavik Olafsson"]
[Site "Reykjavik"]
[Date "1995.??.??"]
[Round "3"]
[White "Polgar, Sofia"]
[Black "Larsen, Bent"]
[Result "1-0"]
[WhiteElo "2485"]
[BlackElo "2515"]
[Annotator "Boensch,U"]
[PlyCount "49"]
[EventDate "1995.09.??"]
[EventType "tourn"]
[EventRounds "11"]
[EventCountry "ISL"]
[EventCategory "11"]
[SourceTitle "CBM 049"]
[Source "ChessBase"]
[SourceDate "1995.12.01"]
[SourceVersion "1"]
[SourceVersionDate "1995.12.01"]
[SourceQuality "1"]

1. e4 c5 2. Nf3 d6 3. d4 Nf6 4. Nc3 cxd4 5. Nxd4 Nbd7 $5 {Wird selten gespielt,
aber es gibt doch einige Beispiele.} 6. f4 $146 (6. Bg5 h6 7. Bxf6 Nxf6 8. Bc4
a6 9. Qe2 g6 10. O-O-O e5 11. Nf3 Qc7 12. Kb1 Be7 13. Nd2 Be6 14. Bb3 Kf8 15.
Nf1 Kg7 16. Ne3 $16 {Velimirovic,D-Dzevlan,M Jug-ch (09) 1991 1-0 37}) (6. Bc4
e6 7. O-O a6 8. Re1 Nb6 9. Bb3 Be7 10. a4 Qc7 11. Qe2 O-O 12. a5 $14 {Van
Riemsdijk,H-Szmetan,J San Martin (07) 1993 0-1 48}) (6. g3 a6 7. Bg2 e6 8. O-O
Be7 9. Kh1 h5 10. h3 g6 11. f4 Qc7 12. Qe2 O-O 13. Bd2 $14 {Jonasson,
B-Bischoff,K EU-Cup Gr1 Eupen (03) 1994 1-0 65 - CBM 44}) (6. Be3 Nc5 7. f3 a6
8. Qd2 e6 9. g4 b5 10. a3 Bb7 11. g5 Nfd7 12. h4 Qc7 13. O-O-O O-O-O $14 {
Kindermann,S-Smyslov,V Dortmund 1986 1-0 32}) 6... a6 {Nach 6...a6 befinden
wir uns wieder in gut bekannten Theoriestellungen.} 7. Nf3 Qc7 8. a4 g6 9. Bd3
Bg7 10. O-O O-O (10... b6 11. Qe1 Bb7 12. e5 dxe5 13. fxe5 Ng4 14. e6 fxe6 15.
Be4 Nc5 16. Bxb7 Qxb7 $10 {Kindermann,S-Hoffmann,M Muenster (01) 1994 1/2 23})
11. Qe1 (11. Kh1 e5 12. Qe1 b6 13. Qh4 Bb7 14. fxe5 dxe5 15. Bh6 Nh5 16. Bxg7
Kxg7 17. Ng5 Ndf6 18. Rf3 h6 19. Nh3 Rad8 $10 {Zarnicki,P-Quinteros,M Buenos
Aires Clarin op (09) 1995 1/2 63 - CBM 46}) 11... e6 12. Kh1 Nc5 $6 $146 (12...
b6 13. Qh4 Bb7 14. Bd2 Rae8 15. Rae1 Nh5 16. Ng5 (16. g4 Nhf6 17. f5 exf5 18.
gxf5 Nh5 19. Nd5 Bxd5 20. exd5 Nc5 $15 {Mannion,S-Sadler,M London Lloyds 1992
0-1 40}) 16... h6 17. Nf3 Qd8 18. Qh3 e5 19. f5 Ndf6 20. Bc4 $14 {Sherzer,
A-Gurevich,I USA-ch (12) 1992 1/2 35}) 13. Qh4 b6 14. f5 $1 exf5 15. exf5 Nxd3
16. cxd3 Bxf5 17. Nd4 Qc5 (17... Rfe8 18. Nxf5 gxf5 19. Rxf5 $16) (17... Bxd3
18. Rxf6 $18) 18. Nxf5 gxf5 19. d4 Qc4 20. Rxf5 Ne8 21. Nd5 $1 Ra7 (21... Qxd4
$2 22. Ne7+ Kh8 23. Qxh7+ $3 Kxh7 24. Rh5+ Bh6 25. Rxh6+ Kg7 26. Nf5+ $18) 22.
Be3 $16 f6 (22... Qd3 23. Raf1 $16) 23. Qe4 $1 $18 Raf7 24. Ne7+ Kh8 25. Rh5 (
25. Rh5 f5 26. Rxh7+ Kxh7 27. Qh4+ Bh6 28. Qxh6#) 1-0